MARC

LEADER 00000nam0a2200000 4500
001 13157
005 20231030184850.0
010 |a 5877890573 
035 |a (RuTPU)RU\TPU\book\13238 
035 |a BOOK00013305 
090 |a 13157 
100 |a 20011209d1999 km y0rusy50 ca 
101 0 |a rus 
102 |a RU 
105 |a y z 000zy 
200 1 |a Энергосбережение в освещении  |f Под ред. Ю. Б. Айзенберга 
210 |a Москва  |c Знак  |d 1999 
215 |a 263 с. 
610 1 |a освещение 
610 1 |a лампы 
610 1 |a светодиоды 
610 1 |a электронная аппаратура 
610 1 |a производство 
610 1 |a энергосбережение 
675 |a 628.94  |v 3 
702 1 |a Айзенберг  |b Ю. Б.  |g Юлиан Борисович  |4 340 
801 0 |a RU  |b 63413507  |c 20011209  |g PSBO 
801 2 |a RU  |b 63413507  |c 20201022  |g PSBO 
900 |a Энергосберегающая техника и технологии в освещении 
942 |c BK